000 01120nam a2200265Ia 4500
003 OSt
005 20220930094754.0
006 a|||||r|||| 00| 0
007 ta
008 220926b |||||||| |||| 00| 0 san d
024 _a11278
037 _cTheses
040 _aCRL
_cCRL
_bsan
041 _2san
_asan
100 _aभारद्वाज, चित्रा, ले.
110 _aदिल्ली विश्वविद्यालय. कला संकाय. संस्कृत विभाग
_9556259
245 0 _aश्रीहरिनामामृत व्याकरण का समीक्षात्मक अध्ययन
246 _aShrīharināmāmṛut vyākaraṇ kā samīkṣhātmak adhyayana
260 _c2013
300 _a298पृ0
_ap.
_ccm.
650 _aसंस्कृत साहित्य
700 _aदिल्ली विश्वविद्यालय. कला संकाय. संस्कृत विभाग
_9556260
942 _cDIS
_2CC
999 _c887658
_d887658